000 00563nam a2200229Ia 4500
003 OSt
005 20220924152053.0
006 a|||||r|||| 00| 0
007 ta
008 220923b |||||||| |||| 00| 0 mar d
024 _a340699
037 _cTextual
040 _aARTS
_cARTS
_bmar
041 _2mar
_amar
082 _aO155,3:g, N3
100 _aUsha
245 0 _aKadambari ani marathi kadambari
260 _c1993
650 _aMARATHI LITERATURE
_938000
942 _hO155,3:g, N3
_cTEXL
_2CC
999 _c468624
_d468624